| 000 | 00903nam a2200229 a 4500 | ||
|---|---|---|---|
| 001 | BRL_308 | ||
| 005 | 20190320210659.0 | ||
| 008 | 230713s2002----mx-o######---#010-0#spa-# | ||
| 041 | _aspa | ||
| 044 | _amx | ||
| 050 | 4 |
_aNX420 _b.R88 2002 |
|
| 245 | 1 | 0 |
_aRuth Lechuga _bperegrina del arte popular. |
| 260 |
_aMéxico _bMuseo Franz Mayer _c2002 |
||
| 300 |
_a1 v. (sin paginación) _bil. (algunas a color) _c36 cm. |
||
| 500 | _aEjemplar engargolado que reúne fotografías e información relacionada con la exposición ´Ruth Lechuga: peregrina del arte popular´ que se realizó en el Museo Franz Mayer, 19 abril - 23 junio, 2002 | ||
| 500 | _aAu2369 | ||
| 600 | 1 | 4 |
_aLechuga, Ruth D. _d1920-2004 _vExposiciones _923508 |
| 650 | 1 | 4 |
_aArte popular _vExposiciones _xColeccionistas y colecciones _zMéxico _923509 |
| 710 | 2 |
_aMuseo Franz Mayer (Ciudad de México) _92266 |
|
| 902 | _aGRL | ||
| 942 |
_2lcc _cB |
||
| 999 |
_c9121 _d9121 |
||